000 01006nam a2200313 i 4500
001 000037866
003 DO-SdBNP
005 20260430115942.0
007 ta
008 091019s2010 dr 000 f spa d
020 _a9789945460025
040 _aDO-SdBNP
_bspa
_cBNPHU
_erda
041 _aspa
082 4 _a863.5
_bP438m
_222
100 1 _aPérez Galdós, Benito,
_d1843-1920
_93681
_4aut.
_eautor
245 1 0 _aMarianela /
_cBenito Pérez Galdós.
264 _aSanto Domingo, República Dominicana :
_bEditorial Santuario,
_c2010.
300 _a175 páginas ;
_c22 cm.
336 _atexto
_btxt
_2rdacontent
337 _asin mediación
_bn
_2rdamedia
338 _avolumen
_bnc
_2rdacarrier
490 0 _aSantuario
500 _aIncluye datos biográficos del autor en la contracubierta
590 _aInventariado, 2019/BT
650 7 _aNovela española
_91123
_2LIBRUNAM
650 7 _aLiteratura española
_9632
_2LIBRUNAM
910 _aValidado. Control de calidad. MFF
942 _2ddc
_cLBS1
999 _c37356
_d37356